WWE Smackdown - 2016: Wrestlers by Year - Statistics

General Stats
  • This quiz has been taken 400 times
  • The average score is 45 of 83
Answer Stats
Date of First Match Wrestler % Correct
January 7 Dean Ambrose
94%
January 7 Big E
92%
July 19 John Cena
92%
January 28 AJ Styles
89%
January 21 Roman Reigns
89%
June 23 Seth Rollins
88%
January 7 Kofi Kingston
87%
January 7 Xavier Woods
86%
July 26 Randy Orton
85%
January 21 Bray Wyatt
83%
January 7 The Miz
82%
January 7 Kevin Owens
81%
January 21 Jey Uso
80%
January 21 Jimmy Uso
80%
January 14 Luke Harper
80%
January 7 Becky Lynch
79%
January 7 Charlotte Flair
78%
January 7 Dolph Ziggler
78%
January 14 Erick Rowan
77%
March 10 Sami Zayn
75%
January 14 Sheamus
74%
March 10 Braun Strowman
70%
July 26 Kane
69%
February 11 Sasha Banks
69%
January 21 Rusev
68%
February 25 The Big Show
67%
April 14 Baron Corbin
66%
April 7 Cesaro
65%
January 28 Chris Jericho
65%
February 11 Naomi
65%
January 14 Heath Slater
64%
September 6 Nikki Bella
62%
January 7 Alberto Del Rio
61%
August 9 Alexa Bliss
60%
January 14 Brie Bella
59%
August 9 Carmella
58%
January 28 Natalya
57%
January 7 Kalisto
54%
August 9 Rhyno
54%
January 21 Stardust
53%
January 14 Zack Ryder
53%
February 25 Mark Henry
52%
January 7 R-Truth
52%
April 14 Big Cass
51%
April 14 Enzo Amore
51%
January 7 Goldust
51%
January 14 Curtis Axel
49%
January 21 Ryback
49%
January 21 King Barrett
48%
February 11 Sin Cara
47%
April 14 Paige
46%
January 14 Bo Dallas
45%
August 2 Chad Gable
45%
February 18 Tamina Snuka
45%
March 24 Tyler Breeze
44%
April 14 Fandango
43%
May 5 Luke Gallows
43%
August 2 Jason Jordan
42%
May 5 Karl Anderson
42%
January 14 Jack Swagger
40%
October 11 James Ellsworth
40%
April 7 Apollo Crews
39%
January 7 Neville
39%
January 21 Titus O'Neil
39%
February 11 Viktor
38%
January 14 Adam Rose
37%
July 19 Darren Young
37%
January 14 Bubba Ray Dudley
36%
January 14 D-Von Dudley
36%
February 11 Konnor
36%
April 7 Aiden English
35%
July 26 Mojo Rawley
32%
November 1 Curt Hawkins
30%
January 21 Alicia Fox
28%
April 7 Simon Gotch
27%
January 14 Damien Sandow
25%
May 12 Dana Brooke
22%
April 14 Emma
22%
March 10 Summer Rae
21%
August 30 Mosh
14%
August 30 Thrasher
14%
October 11 Kenny
10%
October 11 Mikey
9%
No matching quizzes found
Score Distribution
Percent of People with Each Score
Percentile by Number Answered
Your Score History
You have not taken this quiz